000 00726nam a2200217 a 4500
008 120416s1973 ||||||||||||||||| || u
020 _a0903826070
050 _aK 111.C6 Mil
100 _aAbrahams, Susan
245 1 0 _aModern African banking cases
260 _aOxford (Trinity College, Oxford) :
_bThe African Law Reports
_c1973
300 _axx, 440p.
350 _a0.00
490 _aAfrican legal casebooks
490 _v 2
500 _aIncludes index.
650 _aBANKING
650 _aBANKING LAW--AFRICA--CASE STUDIES
700 _aMilner, Alan
995 _D0.00
_FCBU-MAIN LIBRARY (Kitwe)
_H1
_I3.00
_M1
_UAVAILABLE
_ZAnnex Low-Usage Collection
999 _c51403
_d51403